000 00555nam a2200169 4500
999 _c4263
_d4263
008 160901b xxu||||| |||| 00| 0 eng d
022 _a2094-8042
082 _aDPer 370.105 M72 Jan-Dec 2012 V. 60-61
100 _913969
_aAvendano, Ma. Niña P.
243 _aThe modern teacher
245 _aPinoy, sa iyong kamay nakasalalay/
_cMa. Niña P. Avendano.
260 _aPhilippines:
_bIn the Grade School, Inc.,
_c©2012.
300 _aV61 n1, page 31;
_c28 cm.
500 _aThe Modern Teacher
650 0 _913970
_aShort stories
942 _2ddc
_cPER